\

Changing security paradigm in West Asia : (Record no. 30517)

MARC details
000 -LEADER
fixed length control field 03245nam a22004457a 4500
005 - DATE AND TIME OF LATEST TRANSACTION
control field 20260429120023.0
008 - FIXED-LENGTH DATA ELEMENTS--GENERAL INFORMATION
fixed length control field 260429b2022 ny ||||| |||| 00| 0 eng d
020 ## - INTERNATIONAL STANDARD BOOK NUMBER
International Standard Book Number 9781032267616
040 ## - CATALOGING SOURCE
Original cataloging agency aue
Transcribing agency aue
Modifying agency aue
Description conventions rda
041 ## - LANGUAGE CODE
Language code of text/sound track or separate title eng
050 00 - LIBRARY OF CONGRESS CALL NUMBER
Classification number JZ6368 .M53
Item number .2022.
245 00 - TITLE STATEMENT
Title Changing security paradigm in West Asia :
Remainder of title regional and international responses/
Statement of responsibility, etc. edited by Meena Singh Roy, Md. Muddassir Quamar.
264 #1 - PRODUCTION, PUBLICATION, DISTRIBUTION, MANUFACTURE, AND COPYRIGHT NOTICE
Place of production, publication, distribution, manufacture New York :
Name of producer, publisher, distributor, manufacturer Routledge,
Date of production, publication, distribution, manufacture, or copyright notice 2022.
300 ## - PHYSICAL DESCRIPTION
Extent 198 pages;
Dimensions 23 cm.
336 ## - CONTENT TYPE
Source rdacontent
Content type term text
337 ## - MEDIA TYPE
Source rdamedia
Media type term rdamedia
338 ## - CARRIER TYPE
Source rdacarrier
Carrier type term rdacarrier
504 ## - BIBLIOGRAPHY, ETC. NOTE
Bibliography, etc. note Includes bibliographical references and index.
505 ## - FORMATTED CONTENTS NOTE
Formatted contents note 1. Introduction: Conflict and Instability in the West Asian Region: Multiple Narratives<br/><br/>Meena Singh Roy<br/><br/>2. Iran-Saudi Arabia Conflict and the Path to Peace<br/><br/>Seyed Hossein Mousavian<br/><br/>3. Arab Hopelessness and its Strategic Consequences<br/><br/>Dan Schueftan<br/><br/>4. Turkey’s Middle East Policies<br/><br/>Mustafa Aydın and Cihan Dizdaroglu<br/><br/>5. The UN and the Palestine Question: Security and Conflict in the Middle East<br/><br/>Abdelhamid Abdeljaber<br/><br/>6. Egypt and Geostrategic Challenges in the Middle East: Terrorism, Alliances, and Political Changes<br/><br/>Elsayed Ali Abofarha<br/><br/>7. Israel-India Relations: An Evolving Synergy<br/><br/>Uri Resnick<br/><br/>8. Great Powers Challenge India’s Middle East Strategy<br/><br/>P. R. Kumaraswamy<br/><br/>9. Crowded Horizons: A View on the Naval Strategy of the United States of America in the Western Indian Ocean<br/><br/>Jeffrey Payne<br/><br/>10. China and the Middle East: New Dynamics but Consistent Policy<br/><br/>Jin Liangxiang<br/><br/>11. European Dilemmas in the Middle East: Conflicting Paradigms and Shifting Dynamics<br/><br/>Gidon Windecker<br/><br/>12. Protracted Transition in West Asia<br/><br/>Prasanta Kumar Pradhan<br/><br/>13. Finding the Elusive Peace and Stability: An Overview
520 ## - SUMMARY, ETC.
Summary, etc. The states of West Asia continue to grapple with dramatic changes taking place in the domestic and regional environment. Security has emerged as a significant concern for them. Political upheavals, civil strife, sectarian violence and terrorism in the area have implications on a regional and global order. As the region grapples with myriad socio-economic problems, many extra-regional players and non-state actors, and a few regional ones, are attempting to carve out their own areas of influence. These developments across West Asia demand constant monitoring and careful analyses. This book is a collection of essays exploring various aspects of the changing security paradigm in West Asia and the regional and international responses.
650 #0 - SUBJECT ADDED ENTRY--TOPICAL TERM
Topical term or geographic name entry element Political science.
650 #0 - SUBJECT ADDED ENTRY--TOPICAL TERM
Topical term or geographic name entry element Military science
650 #0 - SUBJECT ADDED ENTRY--TOPICAL TERM
Topical term or geographic name entry element Middle East
650 #0 - SUBJECT ADDED ENTRY--TOPICAL TERM
Topical term or geographic name entry element Middle East
General subdivision Strategic aspects.
650 #0 - SUBJECT ADDED ENTRY--TOPICAL TERM
Topical term or geographic name entry element National security.
650 #0 - SUBJECT ADDED ENTRY--TOPICAL TERM
Topical term or geographic name entry element National security
Geographic subdivision Middle East.
650 #0 - SUBJECT ADDED ENTRY--TOPICAL TERM
Topical term or geographic name entry element Security, International
Geographic subdivision Middle East.
650 #0 - SUBJECT ADDED ENTRY--TOPICAL TERM
Topical term or geographic name entry element United Nations
650 #0 - SUBJECT ADDED ENTRY--TOPICAL TERM
Topical term or geographic name entry element Geopolitics.
650 #0 - SUBJECT ADDED ENTRY--TOPICAL TERM
Topical term or geographic name entry element Geopolitics
Geographic subdivision Middle East.
651 #0 - SUBJECT ADDED ENTRY--GEOGRAPHIC NAME
Geographic name Middle East.
651 #0 - SUBJECT ADDED ENTRY--GEOGRAPHIC NAME
Geographic name Palestine.
651 #0 - SUBJECT ADDED ENTRY--GEOGRAPHIC NAME
Geographic name Egypt.
651 #0 - SUBJECT ADDED ENTRY--GEOGRAPHIC NAME
Geographic name Israel
651 #0 - SUBJECT ADDED ENTRY--GEOGRAPHIC NAME
Geographic name China
700 1# - ADDED ENTRY--PERSONAL NAME
Personal name Roy, Meena Singh,
Relator term editor.
700 1# - ADDED ENTRY--PERSONAL NAME
Personal name Quamar, Md. Muddassir
Relator term editor.
942 ## - ADDED ENTRY ELEMENTS (KOHA)
Source of classification or shelving scheme Library of Congress Classification
Koha item type Books
Suppress in OPAC No
Holdings
Withdrawn status Lost status Source of classification or shelving scheme Damaged status Not for loan Collection Home library Current library Date acquired Total checkouts Full call number Barcode Date last seen Copy number Price effective from Koha item type
    Library of Congress Classification     College of Security and Global Studies (CSGS) MAIN MAIN 04/29/2026   JZ6368 .M53 .2022 (C.1) 00000174 04/29/2026 1 04/29/2026 Books
    Library of Congress Classification     College of Security and Global Studies (CSGS) MAIN MAIN 04/29/2026   JZ6368 .M53 .2022 (C.2) 00000175 04/29/2026 2 04/29/2026 Books
    Library of Congress Classification     College of Security and Global Studies (CSGS) MAIN MAIN 04/29/2026   JZ6368 .M53 .2022 (C.3) 00000176 04/29/2026 3 04/29/2026 Books